Most Valuable Soccer Player from a Nation #1 - Statistics

General Stats
  • This quiz has been taken 37 times
  • The average score is 4 of 15
Answer Stats
Hint Answer % Correct
France Kylian Mbappé
94%
Morocco Achraf Hakimi
76%
USA Christian Pulisic
74%
Argentina Lautaro Martínez
62%
Turkey Hakan Çalhanoğlu
41%
Ecuador Moisés Caicedo
29%
Mexico Santiago Gimenez
12%
Iran Mehdi Taremi
3%
Poland Piotr Zieliński
3%
Russia Aleksandr Golovin
0%
Ireland Evan Ferguson
0%
Australia Harry Souttar
0%
India Lallianzuala Chhangte
0%
South Africa Lyle Foster
0%
Latvia Raimonds Krollis
0%
No matching quizzes found
Score Distribution
Percent of People with Each Score
Percentile by Number Answered
Your Score History
You have not taken this quiz